00253nam a2200097Ia 4500008004100000082001500041100002300056245004300079260002000122600001300142241002s9999 xx 000 0 und d a297.55 BUR aBurton, Richard F. 0aPersonal Nanative Pilgrimage Al-Meccah aNew York:c1964 aReligion